Poems / (Record no. 164138)

MARC details
000 -LEADER
fixed length control field 00466nam a22001697a 4500
005 - DATE AND TIME OF LATEST TRANSACTION
control field 20190511154102.0
010 ## - LCCN (DPL NO)
LC control number B-608411
020 ## - INTERNATIONAL STANDARD BOOK NUMBER
International Standard Book Number 8171893880
Terms of availability 60.00
035 ## - SYSTEM CONTROL NUMBER
System control number B-608411
037 ## - SOURCE OF ACQUISITION
Source of stock number/acquisition A Writers Workshop Redbird Publication
082 ## - DEWEY DECIMAL CLASSIFICATION NUMBER
Classification number 881
100 ## - MAIN ENTRY--PERSONAL NAME
Personal name Sharma, Sanjula
245 ## - TITLE STATEMENT
Title Poems /
Statement of responsibility, etc Sanjula Sharma.
260 ## - PUBLICATION, DISTRIBUTION, ETC. (IMPRINT)
Name of publisher, distributor, etc A Writers Workshop Redbird Publication
Date of publication, distribution, etc 1992
300 ## - PHYSICAL DESCRIPTION
Extent 58p
Dimensions 22cm (hbk)
942 ## - ADDED ENTRY ELEMENTS (KOHA)
Source of classification or shelving scheme Dewey Decimal Classification
Item type English Books
Classification part 881
Call number suffix SHA
Holdings
Withdrawn status Lost status Not for loan Collection code Home library Current library Date acquired Full call number Barcode Koha item type
      Non-fiction Sarojini Nagar Sarojini Nagar 15/05/2019 881 SHA A-608411 English Books

© Delhi Public Library
Hit Counter
free hit counter